[Event "Mittelfranken-chTB2a 1112"]
[Site "Germany"]
[Date "2011.12.11"]
[Round "4.7"]
[White "Schloetterer, Hermann"]
[Black "Rosenzweig, Juergen"]
[Result "1-0"]
[WhiteElo "1794"]
[BlackElo "1737"]
[PlyCount "95"]
[EventDate "2011.09.25"]
[EventType "team-tourn"]
[EventRounds "9"]
[EventCountry "GER"]
[SourceTitle "EXT 2013"]
[Source "ChessBase"]
[SourceDate "2012.11.22"]
[SourceVersion "1"]
[SourceVersionDate "2012.11.22"]
[SourceQuality "1"]
[WhiteTeam "Nuernberg NT V"]
[BlackTeam "Grossenseebach"]
[WhiteTeamCountry "GER"]
[BlackTeamCountry "GER"]

1. d4 d5 2. g3 Bf5 3. Bg2 Nf6 4. Nf3 e6 5. 0-0 Bd6 6. c4 c6 7. b3 Qe7 8. Bb2 0-0 9. Nc3 Nbd7 10. a3 dxc4 11. bxc4 h6 12. Nd2 Bc7 13. e4 Bh7 14. e5 Ne8 15. Nde4 Ba5 16. Qa4 Bxc3 17. Bxc3 Nb6 18. Qb3 Bxe4 19. Bxe4 Qd7 20. a4 f5 21. Bd3 g5 22. a5 Nc8 23. d5 Ng7 24. Rad1 Qc7 25. d6 Qd7 26. c5 a6 27. Rb1 Rb8 28. Be2 Na7 29. Rbd1 Nb5 30. Bb2 Rbd8 31. Qb4 Qf7 32. Qc4 Kh7 33. Bd3 Kh8 34. Bc2 Rd7 35. Kg2 Rdd8 36. h4 g4 37. Qf4 Kh7 38. Qxg4 Rd7 39. Qf3 Rg8 40. Rg1 Kh8 41. Qf4 Qg6 42. Rd3 Nh5 43. Qf3 Qg4 44. Qxg4 Rxg4 45. Kh2 f4 46. Bd1 fxg3+ 47. fxg3 Rb4 48. Bc1 1-0

[Event "Mittelfranken-chTB2a 1112"]
[Site "Germany"]
[Date "2011.11.20"]
[Round "3.5"]
[White "Rosenzweig, Juergen"]
[Black "Ziegler, Peter"]
[Result "1/2-1/2"]
[WhiteElo "1737"]
[BlackElo "1816"]
[PlyCount "44"]
[EventDate "2011.09.25"]
[EventType "team-tourn"]
[EventRounds "9"]
[EventCountry "GER"]
[SourceTitle "EXT 2013"]
[Source "ChessBase"]
[SourceDate "2012.11.22"]
[SourceVersion "1"]
[SourceVersionDate "2012.11.22"]
[SourceQuality "1"]
[WhiteTeam "Grossenseebach"]
[BlackTeam "Nuernberg Zabo"]
[WhiteTeamCountry "GER"]
[BlackTeamCountry "GER"]

1. e4 e6 2. d4 d5 3. exd5 exd5 4. Bd3 Nc6 5. c3 Bd6 6. Ne2 Bg4 7. 0-0 Qh4 8. f4 Nge7 9. Nd2 Bxe2 10. Qxe2 Bxf4 11. Nf3 Qh6 12. Bxf4 Qxf4 13. Ne5 Qh4 14. Nxf7 Rf8 15. Qe6 Qh5 16. g4 Qh3 17. Bb5 h5 18. Bxc6+ bxc6 19. Ne5 Qe3+ 20. Kg2 Qe2+ 21. Kg1 Qe3+ 22. Kg2 Qe2+ 1/2-1/2

[Event "Mittelfranken-chTB2a 1011"]
[Site "Germany"]
[Date "2011.01.23"]
[Round "5.7"]
[White "Zippel, Harald"]
[Black "Rosenzweig, Juergen"]
[Result "1/2-1/2"]
[WhiteElo "1830"]
[BlackElo "1731"]
[PlyCount "37"]
[EventDate "2010.09.26"]
[EventType "team-tourn"]
[EventRounds "9"]
[EventCountry "GER"]
[SourceTitle "EXT 2012"]
[Source "ChessBase"]
[SourceDate "2011.11.24"]
[SourceVersion "1"]
[SourceVersionDate "2011.11.24"]
[SourceQuality "1"]
[WhiteTeam "Nuernberg NT V"]
[BlackTeam "Grossenseebach"]
[WhiteTeamCountry "GER"]
[BlackTeamCountry "GER"]

1. e4 e5 2. Nf3 d6 3. d4 exd4 4. Nxd4 Nf6 5. Nc3 Be7 6. Be2 0-0 7. 0-0 Bd7 8. Be3 Nc6 9. f4 Re8 10. Bf3 a6 11. Qd2 Nxd4 12. Bxd4 Bc6 13. Rae1 Nd7 14. Nd5 Bxd5 15. exd5 Bf6 16. c4 Bxd4+ 17. Qxd4 Qf6 18. Qxf6 Nxf6 19. Kf2 1/2-1/2

[Event "Mittelfranken-chTB1 0910"]
[Site "Mittelfranken"]
[Date "2010.01.31"]
[Round "6.7"]
[White "Schoeller, Wolfgang"]
[Black "Rosenzweig, Juergen"]
[Result "1-0"]
[WhiteElo "1938"]
[BlackElo "1758"]
[PlyCount "55"]
[EventDate "2009.10.11"]
[EventType "team-tourn"]
[EventRounds "9"]
[EventCountry "GER"]
[SourceTitle "EXT 2011"]
[Source "ChessBase"]
[SourceDate "2010.11.26"]
[SourceVersion "1"]
[SourceVersionDate "2010.11.26"]
[SourceQuality "1"]
[WhiteTeam "Fuerth SF"]
[BlackTeam "Grossenseebach"]
[WhiteTeamCountry "GER"]
[BlackTeamCountry "GER"]

1. e4 e5 2. Nf3 d6 3. d4 exd4 4. Nxd4 Nf6 5. Nc3 Nc6 6. Bc4 Be7 7. 0-0 0-0 8. Re1 Ne5 9. Be2 Ng6 10. f4 Re8 11. g3 c6 12. Bf3 Qc7 13. a4 a5 14. Be3 Nd7 15. Nf5 Bf8 16. h4 Nc5 17. h5 Nh8 18. Nd4 f6 19. Kg2 Nf7 20. Nf5 Bxf5 21. exf5 d5 22. Qd2 Nd6 23. Bxc5 Nc4 24. Qd4 Bxc5 25. Qxc5 Nxb2 26. Rxe8+ Rxe8 27. Rb1 b6 28. Bxd5+ 1-0

[Event "Mittelfranken-chTB1 0910"]
[Site "Mittelfranken"]
[Date "2010.01.10"]
[Round "5.8"]
[White "Wittmann, Norbert"]
[Black "Rosenzweig, Juergen"]
[Result "1/2-1/2"]
[WhiteElo "1748"]
[BlackElo "1758"]
[PlyCount "31"]
[EventDate "2009.10.11"]
[EventType "team-tourn"]
[EventRounds "9"]
[EventCountry "GER"]
[SourceTitle "EXT 2011"]
[Source "ChessBase"]
[SourceDate "2010.11.26"]
[SourceVersion "1"]
[SourceVersionDate "2010.11.26"]
[SourceQuality "1"]
[WhiteTeam "Muehlhof/Mfr"]
[BlackTeam "Grossenseebach"]
[WhiteTeamCountry "GER"]
[BlackTeamCountry "GER"]

1. e4 e5 2. Nf3 d6 3. d4 exd4 4. Nxd4 Nf6 5. Bd3 Be7 6. Bf4 0-0 7. Nc3 Nbd7 8. f3 Nh5 9. Be3 Bg5 10. Qd2 Bxe3 11. Qxe3 Re8 12. 0-0 Nc5 13. Bc4 Nf6 14. Rad1 Qe7 15. Qf2 a6 16. b4 1/2-1/2

[Event "Mittelfranken-chTB2a 0809"]
[Site "Mittelfranken"]
[Date "2009.03.22"]
[Round "8.3"]
[White "Justi, Fabian"]
[Black "Rosenzweig, Juergen"]
[Result "1-0"]
[WhiteElo "1732"]
[BlackElo "1802"]
[PlyCount "91"]
[EventDate "2008.10.12"]
[EventType "team"]
[EventRounds "9"]
[EventCountry "GER"]
[SourceTitle "EXT 2011"]
[Source "ChessBase"]
[SourceDate "2010.11.26"]
[SourceVersion "1"]
[SourceVersionDate "2010.11.26"]
[SourceQuality "1"]
[WhiteTeam "Forchheim III"]
[BlackTeam "Grossenseebach II"]
[WhiteTeamCountry "GER"]
[BlackTeamCountry "GER"]

1. e4 e5 2. f4 exf4 3. Bc4 Qh4+ 4. Kf1 Qe7 5. Nc3 Nf6 6. Nf3 Nc6 7. d4 d6 8. Bxf4 Bg4 9. Bg5 0-0-0 10. Nd5 Qxe4 11. Nxf6 gxf6 12. Bxf6 Bh6 13. Bxh8 Rxh8 14. c3 Be3 15. Bd3 Qf4 16. Be2 Ne7 17. Qa4 Nf5 18. Ke1 Qe4 19. Qxa7 Re8 20. Qa8+ Kd7 21. Bb5+ c6 22. Qxb7+ Ke6 23. Bc4+ d5 24. Qxc6+ Nd6 25. Bxd5+ Qxd5 26. Qxd5+ Kxd5 27. Kd1 Rb8 28. b3 f6 29. Re1 Bf4 30. c4+ Kc6 31. h3 Bf5 32. Ke2 Bg3 33. Red1 Re8+ 34. Kf1 Re3 35. d5+ Kd7 36. Nd2 Bd3+ 37. Kg1 Nf5 38. Nf1 Bxf1 39. Rxf1 Nh4 40. Rxf6 Re2 41. Rd1 Rxg2+ 42. Kf1 Ke7 43. Re6+ Kd7 44. Re2 Rxe2 45. Kxe2 Bd6 46. Rg1 1-0

[Event "Mittelfranken-chTB2a 0809"]
[Site "Mittelfranken"]
[Date "2009.03.08"]
[Round "7.4"]
[White "Schraufl, Wolfhardt"]
[Black "Rosenzweig, Juergen"]
[Result "1-0"]
[WhiteElo "1924"]
[BlackElo "1802"]
[PlyCount "53"]
[EventDate "2008.10.12"]
[EventType "team"]
[EventRounds "9"]
[EventCountry "GER"]
[SourceTitle "EXT 2011"]
[Source "ChessBase"]
[SourceDate "2010.11.26"]
[SourceVersion "1"]
[SourceVersionDate "2010.11.26"]
[SourceQuality "1"]
[WhiteTeam "Cadolzburg"]
[BlackTeam "Grossenseebach II"]
[WhiteTeamCountry "GER"]
[BlackTeamCountry "GER"]

1. e4 e5 2. Nf3 Nc6 3. d4 exd4 4. c3 Qe7 5. Bd3 d5 6. 0-0 Qd6 7. e5 Qc5 8. cxd4 Qe7 9. Nc3 Be6 10. a3 0-0-0 11. b4 Nh6 12. Bb2 g5 13. Qa4 g4 14. Nd2 Nxd4 15. Qxa7 Nc6 16. Qa8+ Nb8 17. Nb5 Qg5 18. Rac1 c6 19. Nb3 Kd7 20. Qxb7+ Ke8 21. Nc7+ Kd7 22. Nxd5+ Ke8 23. Nc7+ Kd7 24. Nxe6+ Kxe6 25. Bc4+ Kf5 26. Rcd1 Be7 27. Bc1 1-0

[Event "Mittelfranken-chTB2a 0809"]
[Site "Mittelfranken"]
[Date "2008.10.26"]
[Round "2.4"]
[White "Horstmann, Astrid"]
[Black "Rosenzweig, Juergen"]
[Result "1-0"]
[WhiteElo "1789"]
[BlackElo "1802"]
[PlyCount "69"]
[EventDate "2008.10.12"]
[EventType "team"]
[EventRounds "9"]
[EventCountry "GER"]
[SourceTitle "EXT 2011"]
[Source "ChessBase"]
[SourceDate "2010.11.26"]
[SourceVersion "1"]
[SourceVersionDate "2010.11.26"]
[SourceQuality "1"]
[WhiteTeam "Nuernberg NT V"]
[BlackTeam "Grossenseebach II"]
[WhiteTeamCountry "GER"]
[BlackTeamCountry "GER"]

1. d4 g6 2. Nf3 Bg7 3. c4 d6 4. Nc3 Nc6 5. h3 e5 6. d5 Nce7 7. e4 f5 8. Bd3 Nf6 9. Bg5 h6 10. Bxf6 Bxf6 11. Qc2 a6 12. 0-0-0 f4 13. Kb1 Bd7 14. Ne2 c5 15. dxc6 bxc6 16. c5 d5 17. exd5 cxd5 18. Bxg6+ Kf8 19. Ka1 Be6 20. Rhe1 Qa5 21. Nxf4 Bg8 22. Nxe5 Qc7 23. Ned3 Nc6 24. Ne6+ Bxe6 25. Rxe6 Kg7 26. Rd6 Nd4 27. Qb1 Qa5 28. a3 Nb3+ 29. Ka2 Rab8 30. Rd7+ Kg8 31. Bf7+ Kf8 32. Nf4 Nc1+ 33. Qxc1 Rxb2+ 34. Qxb2 Bxb2 35. Ne6# 1-0

[Event "Nuremberg LGA Cup 2nd"]
[Site "Nuremberg"]
[Date "2005.09.11"]
[Round "6.43"]
[White "Gohlke, Herbert"]
[Black "Rosenzweig, Juergen"]
[Result "1-0"]
[WhiteElo "2003"]
[BlackElo "1621"]
[PlyCount "81"]
[EventDate "2005.09.08"]
[EventType "swiss"]
[EventRounds "7"]
[EventCountry "GER"]
[SourceTitle "EXT 2022"]
[Source "ChessBase"]
[SourceDate "2021.10.06"]
[SourceVersion "1"]
[SourceVersionDate "2021.10.06"]
[SourceQuality "1"]

1. e4 g6 2. d3 Bg7 3. c3 d5 4. Qc2 Nh6 5. Be2 0-0 6. Be3 Nc6 7. Na3 a6 8. h3 f6 9. g4 Nf7 10. f4 d4 11. Bd2 Bh6 12. Nf3 e5 13. cxd4 Nxd4 14. Nxd4 exd4 15. 0-0-0 Re8 16. Kb1 Bf8 17. h4 a5 18. h5 g5 19. fxg5 fxg5 20. Rc1 c6 21. Rcf1 Be6 22. Bd1 Ne5 23. Nc4 Nxc4 24. dxc4 d3 25. Qc1 h6 26. Rf3 Bxg4 27. Rxf8+ Rxf8 28. Bxg4 Qe7 29. Bf5 b6 30. Qc3 Rad8 31. Rd1 c5 32. b3 Rd6 33. Bc1 Qf6 34. Qd2 Qf7 35. Bb2 Qxh5 36. Be5 Rc6 37. Qxd3 Qf7 38. Bb2 h5 39. Qc3 Qf6 40. Qh3 Qh6 41. Rd7 1-0

[Event "Seebach op 15th"]
[Site "Grossenseebach"]
[Date "2004.06.17"]
[Round "1"]
[White "Gorniak, Janusz"]
[Black "Rosenzweig, Juergen"]
[Result "1-0"]
[WhiteElo "1877"]
[BlackElo "1497"]
[PlyCount "61"]
[EventDate "2004.06.17"]
[EventType "swiss"]
[EventRounds "7"]
[EventCountry "GER"]
[SourceTitle "EXT 2018"]
[Source "ChessBase"]
[SourceDate "2017.10.13"]
[SourceVersion "1"]
[SourceVersionDate "2017.10.13"]
[SourceQuality "1"]

1. d4 d5 2. e3 Nf6 3. Bd3 b6 4. c3 e6 5. Nd2 Be7 6. f4 Bb7 7. Ngf3 Nbd7 8. 0-0 c5 9. Ne5 Qc7 10. Rf3 Ne4 11. Rh3 Nxe5 12. fxe5 0-0-0 13. Qg4 Nxd2 14. Bxd2 g6 15. Rf1 h5 16. Qf4 Rdf8 17. Rhf3 g5 18. Qg3 f5 19. exf6 Qxg3 20. hxg3 Bd6 21. f7 g4 22. Rf6 Kd7 23. Bb5+ Ke7 24. Be1 Bc8 25. Bd3 e5 26. e4 exd4 27. cxd4 cxd4 28. Bd2 Be6 29. Bg5 Bc8 30. Bb5 Rd8 31. Rh6+ 1-0

[Event "Seebach op 15th"]
[Site "Grossenseebach"]
[Date "2004.06.17"]
[Round "2"]
[White "Rosenzweig, Juergen"]
[Black "Horstmann, Uwe"]
[Result "0-1"]
[WhiteElo "1497"]
[BlackElo "1995"]
[PlyCount "52"]
[EventDate "2004.06.17"]
[EventType "swiss"]
[EventRounds "7"]
[EventCountry "GER"]
[SourceTitle "EXT 2018"]
[Source "ChessBase"]
[SourceDate "2017.10.13"]
[SourceVersion "1"]
[SourceVersionDate "2017.10.13"]
[SourceQuality "1"]

1. e4 c5 2. Nf3 Nc6 3. c3 e5 4. d4 exd4 5. cxd4 cxd4 6. Nxd4 g6 7. Bc4 a6 8. 0-0 Bg7 9. Ne2 d6 10. Nbc3 Ne5 11. Bb3 Nf6 12. f4 Nc6 13. h3 0-0 14. Be3 b5 15. Rc1 Bb7 16. Ng3 Qe7 17. a3 Rac8 18. Qd2 Na5 19. Nd5 Nxd5 20. Bxd5 Bxd5 21. Qxd5 Bxb2 22. Rxc8 Rxc8 23. Qd2 Nc4 24. Qf2 Bxa3 25. f5 Nxe3 26. Qxe3 Bc5 0-1

[Event "Seebach op 15th"]
[Site "Grossenseebach"]
[Date "2004.06.17"]
[Round "4"]
[White "Rosenzweig, Juergen"]
[Black "Steinmueller, Stefanie"]
[Result "0-1"]
[WhiteElo "1497"]
[BlackElo "1774"]
[PlyCount "54"]
[EventDate "2004.06.17"]
[EventType "swiss"]
[EventRounds "7"]
[EventCountry "GER"]
[SourceTitle "EXT 2018"]
[Source "ChessBase"]
[SourceDate "2017.10.13"]
[SourceVersion "1"]
[SourceVersionDate "2017.10.13"]
[SourceQuality "1"]

1. e4 c5 2. Nf3 Nc6 3. c3 e6 4. d4 d5 5. e5 f6 6. Bb5 Bd7 7. 0-0 cxd4 8. cxd4 Bb4 9. Nc3 fxe5 10. dxe5 Nge7 11. Ne2 0-0 12. Ned4 Ng6 13. Nxc6 Bxc6 14. Bd3 Qe8 15. Be3 Nf4 16. Bxf4 Rxf4 17. a3 Ba5 18. b4 Bb6 19. Rc1 Qh5 20. b5 Be8 21. Qd2 Qh6 22. Ne1 Rxf2 23. Qxh6 Rxf1+ 24. Kxf1 gxh6 25. g3 Bg6 26. Be2 Rf8+ 27. Kg2 Rf2+ 0-1

[Event "Seebach op 14th"]
[Site "Grossenseebach"]
[Date "2003.06.22"]
[Round "7"]
[White "Rosenzweig, Juergen"]
[Black "Spies, Timon"]
[Result "0-1"]
[WhiteElo "1550"]
[BlackElo "1743"]
[PlyCount "44"]
[EventDate "2003.06.19"]
[EventType "swiss"]
[EventRounds "7"]
[EventCountry "GER"]
[SourceTitle "EXT 2018"]
[Source "ChessBase"]
[SourceDate "2017.10.13"]
[SourceVersion "1"]
[SourceVersionDate "2017.10.13"]
[SourceQuality "1"]

1. e4 d5 2. exd5 Nf6 3. Bb5+ Bd7 4. Bxd7+ Qxd7 5. Nc3 Nxd5 6. Ne4 e5 7. d3 Nc6 8. c3 0-0-0 9. Nf3 f5 10. Ng3 Nf6 11. 0-0 e4 12. Ng5 h6 13. Nh3 exd3 14. Bd2 g5 15. Nh5 Ne4 16. b4 Bg7 17. Nxg7 Qxg7 18. Rc1 Ne5 19. f3 Nxd2 20. Qxd2 Nc4 21. Qf2 d2 22. Rcd1 Qxc3 0-1

[Event "Seebach op 14th"]
[Site "Grossenseebach"]
[Date "2003.06.21"]
[Round "6"]
[White "Puehn, Georg"]
[Black "Rosenzweig, Juergen"]
[Result "1-0"]
[WhiteElo "1896"]
[BlackElo "1550"]
[PlyCount "77"]
[EventDate "2003.06.19"]
[EventType "swiss"]
[EventRounds "7"]
[EventCountry "GER"]
[SourceTitle "EXT 2018"]
[Source "ChessBase"]
[SourceDate "2017.10.13"]
[SourceVersion "1"]
[SourceVersionDate "2017.10.13"]
[SourceQuality "1"]

1. e4 e5 2. Nf3 Nc6 3. Bb5 d6 4. c3 Bd7 5. d3 h6 6. a4 a5 7. Na3 g6 8. 0-0 Bg7 9. Nc2 Nf6 10. Qe2 0-0 11. h3 Be6 12. d4 exd4 13. cxd4 d5 14. e5 Nh7 15. Nd2 f6 16. f4 h5 17. Bd3 Ne7 18. Ne3 Qd7 19. Nb3 b6 20. Bd2 fxe5 21. fxe5 Nf5 22. Nxf5 Bxf5 23. Bxf5 Rxf5 24. Rxf5 Qxf5 25. Qb5 Qe6 26. Rc1 Rc8 27. Rc6 Qf7 28. Qd3 Nf8 29. Qa6 Qd7 30. Qb5 Kh7 31. Be3 Bh6 32. Bxh6 Kxh6 33. Nd2 Ne6 34. Nf3 g5 35. Rxb6 Qxb5 36. Rxb5 g4 37. hxg4 hxg4 38. Nh2 Nxd4 39. Rxd5 1-0

[Event "Erlangen op 18th"]
[Site "Erlangen"]
[Date "2003.??.??"]
[Round "5"]
[White "Hintyes, Helmuth"]
[Black "Rosenzweig, Juergen"]
[Result "1/2-1/2"]
[WhiteElo "1829"]
[BlackElo "1528"]
[PlyCount "96"]
[EventDate "2003.11.??"]
[EventType "swiss"]
[EventRounds "5"]
[EventCountry "GER"]
[SourceTitle "EXT 2005"]
[Source "ChessBase"]
[SourceDate "2004.11.15"]
[SourceVersion "1"]
[SourceVersionDate "2004.11.15"]
[SourceQuality "1"]

1. c4 g6 2. d4 Bg7 3. e4 d6 4. Nc3 Nc6 5. Be3 e5 6. d5 Nce7 7. f4 exf4 8. Bxf4 Nf6 9. Nf3 Bg4 10. Bd3 0-0 11. 0-0 Qd7 12. Qd2 Bxf3 13. Rxf3 Ng4 14. Ne2 Ne5 15. Rh3 Kh8 16. Bh6 Ng8 17. Bxg7+ Kxg7 18. Rf1 f6 19. Nf4 Kh8 20. Ne6 Rfe8 21. b3 Nf7 22. Qe3 c5 23. Qg3 Ne5 24. Be2 a6 25. a4 b6 26. Rf4 Re7 27. Qf2 Rf7 28. g4 g5 29. Rf5 Qe7 30. Rh5 h6 31. h4 Rh7 32. hxg5 hxg5 33. Rxh7+ Kxh7 34. Qh2+ Nh6 35. Qh5 Rg8 36. Rf2 Ng6 37. Bd3 Ne5 38. Be2 Rg6 39. Qh3 Kg8 40. Kg2 Kh7 41. Kg3 Kg8 42. Rh2 Kh7 43. Qf1 Kg8 44. Qa1 a5 45. Qh1 Kh7 46. Bf3 Qf7 47. Nd8 Qe7 48. Nc6 Qe8 1/2-1/2

[Event "Erlangen op 18th"]
[Site "Erlangen"]
[Date "2003.??.??"]
[Round "3"]
[White "Leuschner, Guenter"]
[Black "Rosenzweig, Juergen"]
[Result "1-0"]
[WhiteElo "1887"]
[BlackElo "1528"]
[PlyCount "47"]
[EventDate "2003.11.??"]
[EventType "swiss"]
[EventRounds "5"]
[EventCountry "GER"]
[SourceTitle "EXT 2005"]
[Source "ChessBase"]
[SourceDate "2004.11.15"]
[SourceVersion "1"]
[SourceVersionDate "2004.11.15"]
[SourceQuality "1"]

1. d4 Nf6 2. Nf3 e6 3. g3 b6 4. Bg2 Bb7 5. 0-0 Be7 6. c4 d6 7. Nc3 0-0 8. Qc2 Bxf3 9. Bxf3 c6 10. e4 Qc8 11. Re1 Rd8 12. Bf4 Ne8 13. Rad1 a6 14. a3 Ra7 15. b4 b5 16. c5 f6 17. Bg4 Nd7 18. Bxe6+ Kh8 19. Qe2 Qa8 20. Bf7 Nf8 21. Qg4 dxc5 22. dxc5 Qc8 23. Qh5 Rdd7 24. Bxe8 1-0

[Event "Erlangen op 18th"]
[Site "Erlangen"]
[Date "2003.??.??"]
[Round "1"]
[White "Mengler, Marc"]
[Black "Rosenzweig, Juergen"]
[Result "1-0"]
[WhiteElo "1786"]
[BlackElo "1528"]
[PlyCount "39"]
[EventDate "2003.11.??"]
[EventType "swiss"]
[EventRounds "5"]
[EventCountry "GER"]
[SourceTitle "EXT 2005"]
[Source "ChessBase"]
[SourceDate "2004.11.15"]
[SourceVersion "1"]
[SourceVersionDate "2004.11.15"]
[SourceQuality "1"]

1. e4 e5 2. Nf3 Nc6 3. Bc4 Be7 4. 0-0 Nf6 5. d4 d6 6. Bg5 Nxe4 7. Bxe7 Qxe7 8. Re1 Ng5 9. dxe5 dxe5 10. h4 Nxf3+ 11. Qxf3 Nd4 12. Qe4 0-0 13. Qxd4 exd4 14. Rxe7 Bf5 15. Na3 Rac8 16. Rae1 a6 17. R1e5 Bxc2 18. Nxc2 b5 19. Bd3 c5 20. Bf5 1-0

[Event "Erlangen op 18th"]
[Site "Erlangen"]
[Date "2003.??.??"]
[Round "4"]
[White "Rosenzweig, Juergen"]
[Black "Belzner, Helmut"]
[Result "1/2-1/2"]
[WhiteElo "1528"]
[BlackElo "1927"]
[PlyCount "114"]
[EventDate "2003.11.??"]
[EventType "swiss"]
[EventRounds "5"]
[EventCountry "GER"]
[SourceTitle "EXT 2005"]
[Source "ChessBase"]
[SourceDate "2004.11.15"]
[SourceVersion "1"]
[SourceVersionDate "2004.11.15"]
[SourceQuality "1"]

1. e4 d5 2. exd5 Qxd5 3. Nc3 Qa5 4. d4 c6 5. Nf3 Nf6 6. Bd2 Qb6 7. Na4 Qc7 8. Bd3 Bg4 9. Qe2 e6 10. h3 Bh5 11. g4 Bg6 12. Ne5 Nbd7 13. 0-0-0 Bxd3 14. Nxd3 0-0-0 15. Bf4 Bd6 16. Bxd6 Qxd6 17. Ne5 Qe7 18. Nxc6 bxc6 19. Qa6+ Kb8 20. Qxc6 Nb6 21. Nc5 a5 22. Qxb6+ Ka8 23. Qxa5+ Qa7 24. Qxa7+ Kxa7 25. c4 Rd6 26. Rd3 Nd7 27. Ne4 Ra6 28. a3 Rd8 29. f4 Rc6 30. b3 Nb6 31. Kb2 h6 32. a4 Rb8 33. Nc5 Nxc4+ 34. Ka2 Nb6 35. b4 Nd5 36. Rb3 Rxb4 37. Rhb1 Rxb3 38. Rxb3 Rc7 39. f5 exf5 40. gxf5 Ne7 41. Rf3 Nc6 42. Rf4 Nxd4 43. Rxd4 Rxc5 44. Rd7+ Kb6 45. Rxf7 Ka5 46. Rxg7 Rxf5 47. Rg4 Rf2+ 48. Kb1 h5 49. Re4 Rg2 50. Kc1 Ra2 51. Kd1 Rxa4 52. Rxa4+ Kxa4 53. Ke2 Kb5 54. Kf3 Kc5 55. h4 Kd5 56. Kf4 Ke6 57. Kg5 Kf7 1/2-1/2